Di hujung perjuangan

Bibliographic Details
Main Author: Mohd Ghazali Tocheh
Format: Book
Published: Kuala Lumpur : DBP , 1992
Subjects:

MARC

LEADER 00000cam a2200000 7i4500
001 0000006417
002 000006926
005 20000330.0
020 |a 9836227504 
090 0 0 |a JF   |b MOH 
100 0 |a Mohd Ghazali Tocheh 
245 1 0 |a Di hujung perjuangan   |c Mohd Ghazali Tocheh 
260 |a Kuala Lumpur :   |b DBP ,   |c 1992 
300 |a 154p. ;   |c 18cm. 
650 0 0 |a Children's stories 
999 |a 039381   |b BUKU   |c PINJAMAN   |e PERPUSTAKAAN KOMUNITI PETALING JAYA 
999 |a 039455   |b BUKU   |c PINJAMAN   |e PERPUSTAKAAN KOMUNITI PETALING JAYA